[Event "2 Bundesliga Mitte 2007/2008"]
[Site "Fuerstenfeld"]
[Date "2008.04.06"]
[Round "11"]
[Board "3"]
[White "Kilgus, Georg"]
[Black "Zaja, Ivan"]
[Result "1/2-1/2"]
[WhiteElo "2354"]
[BlackElo "2467"]
[PlyCount "37"]
[EventDate "2007.10.13"]
[EventType "team"]
[EventRounds "11"]
[EventCountry "AUT"]
[WhiteTeam "SK Sparkasse Fuerstenfeld"]
[BlackTeam "SpG Raika Alpine Trofaiach"]

1.Nf3 e6 2.c4 b6 3.g3 Bb7 4.Bg2 Nf6 5.O-O Be7 6.d4 O-O 7.Nc3 Ne4 8.Bd2 f5 9.d5
Bf6 10.Qc2 Nd6 11.Rad1 Qe7 12.b3 Na6 13.Ne1 Nc5 14.dxe6 Bxg2 15.Nxg2 dxe6 16.Bc1
Nde4 17.Nxe4 Nxe4 18.f3 Nc5 19.Ba3

[Event "2 Bundesliga Mitte 2007/2008"]
[Site "Fuerstenfeld"]
[Date "2008.04.06"]
[Round "11"]
[Board "4"]
[White "Izsak, Gyula"]
[Black "Gergacz, Attila"]
[Result "1/2-1/2"]
[WhiteElo "2427"]
[BlackElo "2301"]
[PlyCount "59"]
[EventDate "2007.10.13"]
[EventType "team"]
[EventRounds "11"]
[EventCountry "AUT"]
[WhiteTeam "SpG Raika Alpine Trofaiach"]
[BlackTeam "SK Sparkasse Fuerstenfeld"]

1.d4 Nf6 2.Nf3 d5 3.c4 e6 4.Nc3 Bb4 5.Qa4+ Nc6 6.Ne5 Bd7 7.Nxd7 Qxd7 8.a3 Be7
9.e3 O-O 10.Be2 Nb8 11.Qxd7 Nbxd7 12.b3 dxc4 13.Bxc4 c5 14.dxc5 Nxc5 15.Bb2 Nfe4
16.Nxe4 Nxe4 17.Ke2 Bf6 18.Bxf6 Nxf6 19.Rac1 Rfd8 20.Rhd1 Rxd1 21.Rxd1 Kf8 22.f3
Ke7 23.Rd2 Rc8 24.Rc2 Nd7 25.Bd3 Rxc2+ 26.Bxc2 h6 27.Kd3 Ne5+ 28.Kc3 f5 29.Kd4
Kd6 30.h3

[Event "2 Bundesliga Mitte 2007/2008"]
[Site "Fuerstenfeld"]
[Date "2008.04.06"]
[Round "11"]
[Board "5"]
[White "Poetz, Florian"]
[Black "Stuhlik, Marko"]
[Result "1/2-1/2"]
[WhiteElo "2174"]
[BlackElo "2252"]
[PlyCount "89"]
[EventDate "2007.10.13"]
[EventType "team"]
[EventRounds "11"]
[EventCountry "AUT"]
[WhiteTeam "SK Sparkasse Fuerstenfeld"]
[BlackTeam "SpG Raika Alpine Trofaiach"]

1.e4 d6 2.d4 Nf6 3.Nc3 c6 4.f4 Qa5 5.Bd3 e5 6.Nf3 Bg4 7.Be3 Nbd7 8.Qd2 Be7 9.O-O
Bd8 10.a3 Bxf3 11.b4 Qc7 12.Rxf3 Ng4 13.Ne2 Nxe3 14.Qxe3 Bf6 15.c3 Qb6 16.Bc4
O-O 17.Rd1 Rad8 18.Bb3 a5 19.dxe5 Qxe3+ 20.Rxe3 dxe5 21.Red3 a4 22.Bxa4 Nb6
23.Rxd8 Bxd8 24.Bb3 exf4 25.Nxf4 Bf6 26.Rd3 Re8 27.Nh5 Be5 28.Ng3 Bxg3 29.hxg3
Kf8 30.a4 Rxe4 31.Kf2 Ke7 32.Re3 Rxe3 33.Kxe3 f6 34.Kd4 Kd6 35.c4 Nc8 36.c5+ Kc7
37.Be6 Ne7 38.b5 h6 39.Kc4 Ng6 40.b6+ Kb8 41.Kd4 Ne7 42.a5 Ng6 43.Bd7 Ne7 44.Ke4
Ka8 45.Be6

[Event "2 Bundesliga Mitte 2007/2008"]
[Site "Fuerstenfeld"]
[Date "2008.04.06"]
[Round "11"]
[Board "6"]
[White "Mitter, Gerd"]
[Black "Radnetter, Georg"]
[Result "1/2-1/2"]
[WhiteElo "2185"]
[BlackElo "2106"]
[PlyCount "45"]
[EventDate "2007.10.13"]
[EventType "team"]
[EventRounds "11"]
[EventCountry "AUT"]
[WhiteTeam "SpG Raika Alpine Trofaiach"]
[BlackTeam "SK Sparkasse Fuerstenfeld"]

1.Nf3 Nf6 2.g3 g6 3.Bg2 Bg7 4.c4 c5 5.O-O Nc6 6.d4 cxd4 7.Nxd4 O-O 8.Nc3 Nxd4
9.Qxd4 d6 10.Qd3 Nd7 11.b3 Nc5 12.Qd2 a5 13.Bb2 Be6 14.Ne4 Nxe4 15.Bxe4 Bxb2
16.Qxb2 Qb6 17.Rac1 Rac8 18.Qb1 Rc5 19.Qd3 Rfc8 20.Rb1 Qb4 21.a3 Qxa3 22.Bxb7
Rb8 23.Be4

[Event "2 Bundesliga Mitte 2007/2008"]
[Site "Fuerstenfeld"]
[Date "2008.04.06"]
[Round "11"]
[Board "1"]
[White "Mohr, Georg"]
[Black "Farago, Ivan"]
[Result "1/2-1/2"]
[WhiteElo "2480"]
[BlackElo "2504"]
[PlyCount "23"]
[EventDate "2007.10.13"]
[EventType "team"]
[EventRounds "11"]
[EventCountry "AUT"]
[WhiteTeam "Strassenbahn Graz"]
[BlackTeam "SC Ansfelden 2"]

1.Nf3 d5 2.g3 Nf6 3.Bg2 c6 4.O-O Bg4 5.d3 e6 6.Nbd2 Be7 7.Qe1 O-O 8.e4 Nbd7
9.Kh1 Ne8 10.Ng1 dxe4 11.dxe4 e5 12.f4

[Event "2 Bundesliga Mitte 2007/2008"]
[Site "Fuerstenfeld"]
[Date "2008.04.06"]
[Round "11"]
[Board "2"]
[White "Rumpl, Erwin"]
[Black "Butunoi, Alexandru"]
[Result "1/2-1/2"]
[WhiteElo "2333"]
[BlackElo "2403"]
[PlyCount "60"]
[EventDate "2007.10.13"]
[EventType "team"]
[EventRounds "11"]
[EventCountry "AUT"]
[WhiteTeam "SC Ansfelden 2"]
[BlackTeam "Strassenbahn Graz"]

1.Nf3 g6 2.g3 Bg7 3.Bg2 e5 4.O-O d5 5.d3 Ne7 6.e4 d4 7.Nh4 Be6 8.f4 f6 9.fxe5
fxe5 10.Bg5 Nbc6 11.c4 dxc3 12.bxc3 Qd7 13.Nf3 O-O-O 14.Ne1 h6 15.Be3 h5 16.h4
Ng8 17.Bg5 Rf8 18.Nd2 Nf6 19.Ndf3 Ng4 20.Nh2 Rxf1+ 21.Bxf1 Bf6 22.Qd2 Nxh2
23.Kxh2 Bxg5 24.Qxg5 Rf8 25.Bg2 Bg4 26.Qe3 Qe7 27.Nc2 Rg8 28.d4 b6 29.Qg5 Qxg5
30.hxg5 Rf8

[Event "2 Bundesliga Mitte 2007/2008"]
[Site "Fuerstenfeld"]
[Date "2008.04.06"]
[Round "11"]
[Board "4"]
[White "Mittermayr, Gerhard"]
[Black "Pesorda, Ivan"]
[Result "1/2-1/2"]
[WhiteElo "2129"]
[BlackElo "2270"]
[PlyCount "50"]
[EventDate "2007.10.13"]
[EventType "team"]
[EventRounds "11"]
[EventCountry "AUT"]
[WhiteTeam "SC Ansfelden 2"]
[BlackTeam "Strassenbahn Graz"]

1.e4 c5 2.Nf3 e6 3.d4 cxd4 4.Nxd4 Nf6 5.Nc3 d6 6.Be3 Be7 7.f3 Nc6 8.Qd2 O-O
9.O-O-O d5 10.exd5 Nxd5 11.Nxd5 Qxd5 12.Nxc6 Qxc6 13.Bd4 Rd8 14.Be2 Qa4 15.Qe3
Qxa2 16.Bd3 Rxd4 17.Qxd4 Bf6 18.Qe4 Qxb2+ 19.Kd2 g6 20.h4 Bd7 21.h5 Rd8 22.hxg6
hxg6 23.Rb1 Qc3+ 24.Ke2 Bc6 25.Qe3 a5

[Event "2 Bundesliga Mitte 2007/2008"]
[Site "Fuerstenfeld"]
[Date "2008.04.06"]
[Round "11"]
[Board "6"]
[White "Dumancic, Pero"]
[Black "Kastner, Walter"]
[Result "0-1"]
[WhiteElo "2175"]
[BlackElo "2237"]
[PlyCount "58"]
[EventDate "2007.10.13"]
[EventType "team"]
[EventRounds "11"]
[EventCountry "AUT"]
[WhiteTeam "SC Ansfelden 2"]
[BlackTeam "Strassenbahn Graz"]

1.Nf3 d5 2.d4 Nf6 3.e3 c6 4.c4 e6 5.Nc3 Nbd7 6.Bd3 dxc4 7.Bxc4 b5 8.Bd3 Bb7
9.O-O a6 10.e4 c5 11.d5 Qc7 12.dxe6 fxe6 13.Re1 c4 14.Bc2 Bd6 15.h3 O-O 16.Qe2
Ne5 17.Nd4 Rae8 18.Be3 b4 19.Na4 Nxe4 20.Rac1 Qa5 21.b3 Nd3 22.Bxd3 cxd3 23.Qxd3
Qd5 24.Qc4 Qe5 25.Nf3 Rxf3 26.gxf3 Qh2+ 27.Kf1 Nd2+ 28.Bxd2 Bxf3 29.Qg4 Qh1+

[Event "2 Bundesliga Mitte 2007/2008"]
[Site "Fuerstenfeld"]
[Date "2008.04.06"]
[Round "11"]
[Board "6"]
[White "Sandner, Wolfgang"]
[Black "Sternat, Roland"]
[Result "1/2-1/2"]
[WhiteElo "2225"]
[BlackElo "2126"]
[PlyCount "21"]
[EventDate "2007.10.13"]
[EventType "team"]
[EventRounds "11"]
[EventCountry "AUT"]
[WhiteTeam "SK Leoben"]
[BlackTeam "ZH Technologies Wolfsberg"]

1.e4 d5 2.exd5 Nf6 3.d4 Nxd5 4.c4 Nb6 5.Nc3 g6 6.Be3 Bg7 7.h3 O-O 8.Nf3 Nc6
9.Be2 a6 10.Rc1 e5 11.d5

[Event "2 Bundesliga Mitte 2007/2008"]
[Site "Fuerstenfeld"]
[Date "2008.04.06"]
[Round "11"]
[Board "1"]
[White "Srienz, Christian"]
[Black "Sommerbauer, Norbert"]
[Result "1/2-1/2"]
[WhiteElo "2214"]
[BlackElo "2474"]
[PlyCount "81"]
[EventDate "2007.10.13"]
[EventType "team"]
[EventRounds "11"]
[EventCountry "AUT"]
[WhiteTeam "ESV ASKOE Admira Villach"]
[BlackTeam "SpG VOecklabruck"]

1.c4 e6 2.Nc3 d5 3.d4 c5 4.cxd5 exd5 5.Nf3 Nc6 6.g3 Nf6 7.Bg2 Be7 8.O-O O-O
9.Be3 c4 10.Ne5 Be6 11.Nxc4 dxc4 12.d5 Nxd5 13.Nxd5 Bf6 14.Nxf6+ Qxf6 15.Bxc6
bxc6 16.Qd4 Qxd4 17.Bxd4 Rfd8 18.Rfd1 Rd7 19.Bc3 Rad8 20.Rxd7 Rxd7 21.f3 h5
22.Kf2 g5 23.Ke1 g4 24.Rd1 Rxd1+ 25.Kxd1 gxf3 26.exf3 Kh7 27.Ke2 Kg6 28.Ke3 Bd5
29.Kf4 f5 30.a3 a6 31.h4 c5 32.g4 fxg4 33.fxg4 hxg4 34.Kxg4 Be6+ 35.Kf4 Bd7
36.Ke5 Bb5 37.Kd5 Kh5 38.Be1 Kg6 39.Kxc5 Kh5 40.Kb4 Kg6 41.a4

[Event "2 Bundesliga Mitte 2007/2008"]
[Site "Fuerstenfeld"]
[Date "2008.04.06"]
[Round "11"]
[Board "2"]
[White "Hirneise, Tobias"]
[Black "Hafner, Robert"]
[Result "1-0"]
[WhiteElo "2287"]
[BlackElo "2132"]
[PlyCount "79"]
[EventDate "2007.10.13"]
[EventType "team"]
[EventRounds "11"]
[EventCountry "AUT"]
[WhiteTeam "SpG VOecklabruck"]
[BlackTeam "ESV ASKOE Admira Villach"]

1.e4 c6 2.d4 d5 3.exd5 cxd5 4.c4 Nf6 5.Nc3 Nc6 6.Bg5 e6 7.Nf3 Be7 8.c5 O-O 9.Bb5
Ne4 10.Bxe7 Nxe7 11.Rc1 b6 12.c6 Qd6 13.O-O a6 14.Bd3 Nxc6 15.Nxe4 dxe4 16.Bxe4
Bb7 17.Ne5 Rac8 18.Qd3 Rfd8 19.Bxc6 Bxc6 20.Qxa6 f6 21.Nxc6 Rxc6 22.Rc3 Qd5
23.Qa7 Rcd6 24.Rc7 Qg5 25.h3 Rxd4 26.Qxb6 e5 27.Rc8 Qd2 28.Qe6+ Kf8 29.Rfc1 Qb4
30.Kh2 R4d6 31.R1c4 Rxe6 32.Rxd8+ Ke7 33.Rxb4 Kxd8 34.Rb7 Rd6 35.g4 Rd2 36.Kg3
g6 37.a4 Kc8 38.Rb5 Rd3+ 39.Kg2 Kc7 40.a5

[Event "2 Bundesliga Mitte 2007/2008"]
[Site "Fuerstenfeld"]
[Date "2008.04.06"]
[Round "11"]
[Board "3"]
[White "Neff, Gregor"]
[Black "Ennsberger, Ulrich"]
[Result "0-1"]
[WhiteElo "2136"]
[BlackElo "2284"]
[PlyCount "100"]
[EventDate "2007.10.13"]
[EventType "team"]
[EventRounds "11"]
[EventCountry "AUT"]
[WhiteTeam "ESV ASKOE Admira Villach"]
[BlackTeam "SpG VOecklabruck"]

1.e4 c6 2.d4 d5 3.exd5 cxd5 4.c4 Nf6 5.Nc3 e6 6.Nf3 Be7 7.Bg5 O-O 8.Bd3 dxc4
9.Bxc4 Nc6 10.O-O b6 11.Rc1 Bb7 12.a3 Rc8 13.Ba2 Nd5 14.Bxe7 Ncxe7 15.Bb1 Nf6
16.Ne5 Qd6 17.Qd2 Rfd8 18.Rcd1 Nc6 19.Nf3 Na5 20.Ne5 Nb3 21.Qg5 h6 22.Qe3 Nxd4
23.Rd2 Qc5 24.Rfd1 Nc6 25.Rxd8+ Nxd8 26.Qxc5 bxc5 27.Nd7 Nd5 28.Nxd5 exd5 29.Bf5
Ne6 30.Re1 c4 31.Ne5 Re8 32.Nf3 Kf8 33.h3 Nc5 34.Ne5 f6 35.Ng6+ Kf7 36.Rd1 Re2
37.Nf4 Re5 38.g4 g5 39.Nh5 Re2 40.Rb1 Na4 41.Bd7 Rxb2 42.Re1 Nc3 43.Be8+ Kf8
44.Bg6 Re2 45.Rc1 d4 46.Ng3 Bf3 47.a4 Rd2 48.Re1 Rd1 49.Rxd1 Bxd1 50.Kf1 Bxa4

[Event "2 Bundesliga Mitte 2007/2008"]
[Site "Fuerstenfeld"]
[Date "2008.04.06"]
[Round "11"]
[Board "5"]
[White "Hartl, Daniel"]
[Black "Gneiss, Karl"]
[Result "0-1"]
[WhiteElo "2063"]
[BlackElo "2119"]
[PlyCount "76"]
[EventDate "2007.10.13"]
[EventType "team"]
[EventRounds "11"]
[EventCountry "AUT"]
[WhiteTeam "ESV ASKOE Admira Villach"]
[BlackTeam "SpG VOecklabruck"]

1.e4 c5 2.Nf3 g6 3.h4 h5 4.d4 cxd4 5.Bc4 Nc6 6.c3 d3 7.Ng5 Nh6 8.Qb3 Ne5 9.Bf4
Nxc4 10.Qxc4 d6 11.Nd2 Bg7 12.f3 Qb6 13.O-O-O Bd7 14.Qxd3 Rc8 15.Nb1 Qa5 16.a3
b5 17.Qd5 Qb6 18.g4 hxg4 19.h5 gxh5 20.Rxh5 gxf3 21.Rxh6 Bxh6 22.Qxf7+ Kd8
23.Qg6 Kc7 24.e5 Rcg8 25.exd6+ exd6 26.Qf6 Bxg5 27.Bxg5 Rf8 28.Qe7 f2 29.Nd2 Qc5
30.Bf6 Re8 31.Qg7 Rhg8 32.Qf7 Qf5 33.Nf1 Rgf8 34.Qb3 Rxf6 35.c4 Be6 36.Ne3 Bxc4
37.Qc3 Rxe3 38.Qxe3 Qf4

[Event "2 Bundesliga Mitte 2007/2008"]
[Site "Fuerstenfeld"]
[Date "2008.04.06"]
[Round "11"]
[Board "6"]
[White "Gruber, Gernot"]
[Black "Revelant, Stefan"]
[Result "1/2-1/2"]
[WhiteElo "2084"]
[BlackElo "2108"]
[PlyCount "96"]
[EventDate "2007.10.13"]
[EventType "team"]
[EventRounds "11"]
[EventCountry "AUT"]
[WhiteTeam "SpG VOecklabruck"]
[BlackTeam "ESV ASKOE Admira Villach"]

1.e4 c5 2.Nf3 d6 3.c3 Nf6 4.Be2 Bd7 5.d3 Bc6 6.O-O Nbd7 7.c4 g6 8.Nc3 Bg7 9.Rb1
O-O 10.a3 a5 11.Re1 e6 12.Bf1 d5 13.exd5 exd5 14.Bf4 d4 15.Nb5 Bxb5 16.cxb5 Nb6
17.Rc1 Nbd5 18.Bd2 Qd6 19.Ne5 b6 20.Qf3 Rae8 21.Nc4 Qd7 22.a4 Rxe1 23.Rxe1 Re8
24.Rxe8+ Qxe8 25.g4 h6 26.h4 Qe6 27.Bh3 Nd7 28.g5 Ne5 29.Qg3 Qe7 30.Nxe5 Qxe5
31.gxh6 Qxg3+ 32.fxg3 Be5 33.Kf2 f5 34.Kf3 Kf7 35.h5 Kf6 36.g4 gxh5 37.gxf5 Ne3
38.Ke4 Bd6 39.Be1 Bf8 40.Bh4+ Kf7 41.Bd8 Nd1 42.Kd5 Nxb2 43.f6 Bxh6 44.Be6+ Ke8
45.Bc7 Nxd3 46.Bxb6 h4 47.Ke4 Nf4 48.Bg4 h3

[Event "2 Bundesliga Mitte 2007/2008"]
[Site "Fuerstenfeld"]
[Date "2008.04.06"]
[Round "11"]
[Board "1"]
[White "Langheinrich, Ferenc"]
[Black "Ertl, Johann"]
[Result "1-0"]
[WhiteElo "2421"]
[BlackElo "2234"]
[PlyCount "137"]
[EventDate "2007.10.13"]
[EventType "team"]
[EventRounds "11"]
[EventCountry "AUT"]
[WhiteTeam "ESV Austria Graz"]
[BlackTeam "Kl Zeitung MPOe Maria Saal"]

1.Nf3 Nf6 2.c4 g6 3.Nc3 Bg7 4.d4 O-O 5.Bg5 d6 6.e3 c5 7.d5 a6 8.a4 Qa5 9.Nd2 Bf5
10.Ra3 h6 11.Bh4 g5 12.Bg3 Nbd7 13.Be2 Ne5 14.O-O Qc7 15.h3 Kh7 16.Bh2 Ng6 17.f4
gxf4 18.exf4 Rg8 19.Kh1 Bd7 20.g4 e6 21.g5 Ne8 22.Bd3 Bf8 23.Qh5 f5 24.Qe2 Ng7
25.gxh6 Kxh6 26.Rg1 Qd8 27.Nf3 Qf6 28.Raa1 Re8 29.Qd2 Ne7 30.Ne4 fxe4 31.f5+ Kh7
32.Ng5+ Kh8 33.Nxe4 Qh4 34.Rg4 Qxh3 35.Ng5 Qh5 36.Nf7+ Kh7 37.fxe6+ Nef5
38.Bxf5+ Nxf5 39.Rxg8 Kxg8 40.Qg2+ Kh7 41.Rg1 Be7 42.exd7 Rf8 43.Ng5+ Bxg5
44.Qxg5 Qxg5 45.Rxg5 Ne3 46.Bxd6 Rd8 47.Re5 Rxd7 48.Rxe3 Rxd6 49.Re7+ Kg6
50.Rxb7 Kf5 51.Kg2 Ke4 52.b3 Kd4 53.Kf3 Rd8 54.Kf4 Rf8+ 55.Kg5 Ke5 56.Re7+ Kd4
57.d6 Rd8 58.d7 Kc3 59.Kf6 Kxb3 60.Re3+ Kxc4 61.Ke7 Rh8 62.d8=Q Rxd8 63.Kxd8 Kb4
64.Kc7 Kxa4 65.Kc6 c4 66.Kc5 a5 67.Re4 Kb3 68.Rxc4 a4 69.Rb4+

[Event "2 Bundesliga Mitte 2007/2008"]
[Site "Fuerstenfeld"]
[Date "2008.04.06"]
[Round "11"]
[Board "2"]
[White "Horvath, Gabor"]
[Black "Kotz, Heinz Peter"]
[Result "1/2-1/2"]
[WhiteElo "2292"]
[BlackElo "2357"]
[PlyCount "26"]
[EventDate "2007.10.13"]
[EventType "team"]
[EventRounds "11"]
[EventCountry "AUT"]
[WhiteTeam "Kl Zeitung MPOe Maria Saal"]
[BlackTeam "ESV Austria Graz"]

1.e4 e5 2.Nf3 Nc6 3.Bc4 Nf6 4.d3 Be7 5.c3 O-O 6.Bb3 d5 7.exd5 Nxd5 8.O-O Bg4
9.h3 Bh5 10.Re1 Bf6 11.Na3 Nb6 12.Nc4 Nxc4 13.Bxc4 h6

[Event "2 Bundesliga Mitte 2007/2008"]
[Site "Fuerstenfeld"]
[Date "2008.04.06"]
[Round "11"]
[Board "3"]
[White "Aschenbrenner, Robert"]
[Black "Reschun, Sascha"]
[Result "1/2-1/2"]
[WhiteElo "2304"]
[BlackElo "2272"]
[PlyCount "52"]
[EventDate "2007.10.13"]
[EventType "team"]
[EventRounds "11"]
[EventCountry "AUT"]
[WhiteTeam "ESV Austria Graz"]
[BlackTeam "Kl Zeitung MPOe Maria Saal"]

1.c4 c5 2.Nc3 Nc6 3.g3 g6 4.Bg2 Bg7 5.d3 d6 6.Nf3 e5 7.Bg5 f6 8.Bd2 Nh6 9.O-O
O-O 10.Ne1 Be6 11.Nc2 Qd7 12.Re1 f5 13.Qc1 Nf7 14.Rb1 Rae8 15.b4 b6 16.Nd5 h6
17.a4 cxb4 18.Ncxb4 Na5 19.Qa3 Kh7 20.Na6 Nc6 21.Ndc7 Re7 22.Nxe6 Rxe6 23.e3 Rc8
24.Bd5 Re7 25.a5 bxa5 26.Bxa5 e4

[Event "2 Bundesliga Mitte 2007/2008"]
[Site "Fuerstenfeld"]
[Date "2008.04.06"]
[Round "11"]
[Board "4"]
[White "Halvax, Georg"]
[Black "Kubinger, Thomas"]
[Result "0-1"]
[WhiteElo "2059"]
[BlackElo "2177"]
[PlyCount "86"]
[EventDate "2007.10.13"]
[EventType "team"]
[EventRounds "11"]
[EventCountry "AUT"]
[WhiteTeam "Kl Zeitung MPOe Maria Saal"]
[BlackTeam "ESV Austria Graz"]

1.Nf3 Nf6 2.g3 d5 3.Bg2 g6 4.O-O Bg7 5.d3 O-O 6.Nbd2 c5 7.e4 dxe4 8.dxe4 Nc6
9.c3 Ng4 10.h3 Nge5 11.Nxe5 Nxe5 12.f4 Nd3 13.Qe2 Nxc1 14.Raxc1 Qc7 15.Nc4 Be6
16.b3 a5 17.Ne3 a4 18.f5 Bc8 19.Nd5 Qe5 20.Nb6 Ra6 21.Nxa4 Bd7 22.Qf2 Bxa4
23.bxa4 Rxa4 24.Rfd1 e6 25.Rd7 Bh6 26.Rc2 exf5 27.Rd5 Qe7 28.e5 b6 29.Rb2 Qa7
30.Rd6 Qa5 31.Qc2 Ra3 32.Rd3 Bg7 33.Re3 c4 34.Bf1 Qc5 35.Qf2 Bxe5 36.Rb4 Rxc3
37.Rxc3 Bd4 38.Rcxc4 Bxf2+ 39.Kg2 Qe3 40.Rb3 Qd2 41.Rd3 Qxa2 42.Rdc3 Be1+ 43.Rc2
Qb3

[Event "2 Bundesliga Mitte 2007/2008"]
[Site "Fuerstenfeld"]
[Date "2008.04.06"]
[Round "11"]
[Board "5"]
[White "Loebler, Heimo"]
[Black "Lako, Laszlo"]
[Result "1/2-1/2"]
[WhiteElo "2201"]
[BlackElo "2178"]
[PlyCount "58"]
[EventDate "2007.10.13"]
[EventType "team"]
[EventRounds "11"]
[EventCountry "AUT"]
[WhiteTeam "ESV Austria Graz"]
[BlackTeam "Kl Zeitung MPOe Maria Saal"]

1.Nf3 g6 2.c4 c5 3.d4 Bg7 4.e4 cxd4 5.Nxd4 Nc6 6.Be3 Nf6 7.Nc3 Ng4 8.Qxg4 Nxd4
9.Qd1 Ne6 10.Qd2 Qa5 11.Rc1 d6 12.Be2 Bd7 13.O-O Bc6 14.f3 O-O 15.Rfd1 Rfc8
16.Nd5 Qxd2 17.Rxd2 Bxd5 18.exd5 Nc5 19.b4 Na4 20.Bd1 Nc3 21.Bb3 a5 22.bxa5 Rxa5
23.Rdc2 Na4 24.Bxa4 Rxa4 25.c5 dxc5 26.Rxc5 Rxc5 27.Rxc5 Bd4 28.Bxd4 Rxd4 29.Rb5
Rd1+

[Event "2 Bundesliga Mitte 2007/2008"]
[Site "Fuerstenfeld"]
[Date "2008.04.06"]
[Round "11"]
[Board "6"]
[White "Eichert, Wolfgang"]
[Black "Neubauer, Anton"]
[Result "1-0"]
[WhiteElo "2147"]
[BlackElo "1947"]
[PlyCount "59"]
[EventDate "2007.10.13"]
[EventType "team"]
[EventRounds "11"]
[EventCountry "AUT"]
[WhiteTeam "Kl Zeitung MPOe Maria Saal"]
[BlackTeam "ESV Austria Graz"]

1.e4 e6 2.d3 d5 3.Nd2 b6 4.Ngf3 Nf6 5.c3 Be7 6.Qa4+ c6 7.e5 Nfd7 8.d4 O-O 9.Bd3
c5 10.Nf1 f6 11.Ng3 a6 12.Be3 Bb7 13.h4 Nc6 14.exf6 Nxf6 15.Rc1 b5 16.Qd1 c4
17.Bb1 Bd6 18.O-O Qe8 19.Qc2 Ne7 20.Rce1 Ne4 21.Ng5 Nf5 22.N3xe4 dxe4 23.Nxe4
Qh5 24.Nxd6 Nxd6 25.f3 Bd5 26.Bg5 Bxf3 27.gxf3 g6 28.Qe2 Nf5 29.Qxe6+ Kh8
30.Bxf5

[Event "2 Bundesliga Mitte 2007/2008"]
[Site "Fuerstenfeld"]
[Date "2008.04.06"]
[Round "11"]
[Board "2"]
[White "Neubauer, Martin"]
[Black "Cigan, Stefan"]
[Result "1/2-1/2"]
[WhiteElo "2453"]
[BlackElo "2367"]
[PlyCount "69"]
[EventDate "2007.10.13"]
[EventType "team"]
[EventRounds "11"]
[EventCountry "AUT"]
[WhiteTeam "SV ASVOe Raika St Veit/Glan"]
[BlackTeam "SV Frauental"]

1.e4 c5 2.Nc3 g6 3.d4 cxd4 4.Qxd4 Nf6 5.e5 Nc6 6.Qf4 Nh5 7.Qe4 f5 8.exf6 Nxf6
9.Qh4 Qb6 10.Bc4 Bg7 11.Nge2 d5 12.Bxd5 Nxd5 13.Nxd5 Qa5+ 14.Ndc3 Nb4 15.O-O
Nxc2 16.Rb1 Bf5 17.Ng3 O-O 18.Bh6 Bxh6 19.Qxh6 Bd3 20.Rfd1 Rad8 21.Nce4 Bxe4
22.Nxe4 Rxd1+ 23.Rxd1 Rd8 24.Rxd8+ Qxd8 25.h4 Nd4 26.Ng5 Ne2+ 27.Kh2 Qc7+ 28.g3
e5 29.Ne4 Qc1 30.Nf6+ Kf7 31.Qxc1 Nxc1 32.Nxh7 Nxa2 33.Ng5+ Ke7 34.Nf3 Kf6
35.Nd2

[Event "2 Bundesliga Mitte 2007/2008"]
[Site "Fuerstenfeld"]
[Date "2008.04.06"]
[Round "11"]
[Board "4"]
[White "Hebesberger, Thomas"]
[Black "Raffalt, Manfred"]
[Result "1/2-1/2"]
[WhiteElo "2349"]
[BlackElo "2153"]
[PlyCount "24"]
[EventDate "2007.10.13"]
[EventType "team"]
[EventRounds "11"]
[EventCountry "AUT"]
[WhiteTeam "SV ASVOe Raika St Veit/Glan"]
[BlackTeam "SV Frauental"]

1.c4 e6 2.Nf3 f5 3.g3 Nf6 4.Bg2 d6 5.O-O Be7 6.Nc3 O-O 7.d4 a5 8.Qc2 Nc6 9.e4
Nb4 10.Qe2 fxe4 11.Nxe4 Nxe4 12.Qxe4 e5

[Event "2 Bundesliga Mitte 2007/2008"]
[Site "Fuerstenfeld"]
[Date "2008.04.06"]
[Round "11"]
[Board "5"]
[White "Fauland, Peter"]
[Black "Hoelzl, Franz"]
[Result "1/2-1/2"]
[WhiteElo "2222"]
[BlackElo "2374"]
[PlyCount "20"]
[EventDate "2007.10.13"]
[EventType "team"]
[EventRounds "11"]
[EventCountry "AUT"]
[WhiteTeam "SV Frauental"]
[BlackTeam "SV ASVOe Raika St Veit/Glan"]

1.d4 Nf6 2.Nf3 d6 3.g3 Nbd7 4.Bg2 e5 5.dxe5 dxe5 6.O-O Bc5 7.Nc3 O-O 8.Bg5 Qe8
9.Qd2 Qe6 10.Be3 Re8

[Event "2 Bundesliga Mitte 2007/2008"]
[Site "Fuerstenfeld"]
[Date "2008.04.06"]
[Round "11"]
[Board "6"]
[White "Mazi, Leon"]
[Black "Schreiner, Peter"]
[Result "1/2-1/2"]
[WhiteElo "2348"]
[BlackElo "2088"]
[PlyCount "46"]
[EventDate "2007.10.13"]
[EventType "team"]
[EventRounds "11"]
[EventCountry "AUT"]
[WhiteTeam "SV ASVOe Raika St Veit/Glan"]
[BlackTeam "SV Frauental"]

1.e4 c5 2.Nf3 d6 3.d4 cxd4 4.Nxd4 Nf6 5.Nc3 g6 6.Be3 Bg7 7.Qd2 Ng4 8.Bg5 Nc6
9.Nb3 h6 10.Bh4 O-O 11.h3 Nge5 12.f4 Nd7 13.O-O-O a5 14.a4 Nb6 15.Bb5 Bd7 16.Kb1
Rc8 17.Nd5 Nxd5 18.exd5 Nb4 19.c3 Bf5+ 20.Ka1 Nc2+ 21.Ka2 Nb4+ 22.Ka1 Nc2+
23.Ka2 Nb4+